| 000 | 00473nam a2200169Ia 4500 | ||
|---|---|---|---|
| 008 | 180921t2016 xxu||||| |||| 00| 0 sin d | ||
| 041 | _asin | ||
| 080 |
_a39 _bAMA |
||
| 100 | _aAmarasiri, G.D | ||
| 245 | _aඅස්පර්ශනීය සංස්කෘතික උරුමය | ||
| 246 | _aAsparshaneeya Sanskruthika Urumaya | ||
| 260 |
_bSarasavi _aNugegoda _c2016 |
||
| 300 | _b88p, 20cm | ||
| 942 | _cBK | ||
| 999 |
_c280 _d280 |
||
| 003 | LK-CoDNM | ||
| 040 |
_aLK-CoDNM _dLK-CoDNM _eLK-CoDNM |
||